THE ENCHANTED CASTLE (Record no. 12112)
[ view plain ]
| 000 -LEADER | |
|---|---|
| fixed length control field | 00253nam a22000977a 4500 |
| 008 - FIXED-LENGTH DATA ELEMENTS--GENERAL INFORMATION | |
| fixed length control field | 221031b |||||||| |||| 00| 0 eng d |
| 020 ## - INTERNATIONAL STANDARD BOOK NUMBER | |
| International Standard Book Number | 9789389717143 |
| 100 ## - MAIN ENTRY--PERSONAL NAME | |
| Personal name | NESBIT.E |
| 9 (RLIN) | 7604 |
| 245 ## - TITLE STATEMENT | |
| Title | THE ENCHANTED CASTLE |
| 260 ## - PUBLICATION, DISTRIBUTION, ETC. (IMPRINT) | |
| Place of publication, distribution, etc. | NEW DELHI |
| Name of publisher, distributor, etc. | PRAKASH BOOKS |
| Date of publication, distribution, etc. | 2022 |
| Withdrawn status | Lost status | Source of classification or shelving scheme | Damaged status | Koha normalized classification for sorting | Not for loan | Collection code | Home library | Current library | Date acquired | Total Checkouts | Full call number | Barcode | Date last seen | Date last checked out | Price effective from | Koha item type |
|---|---|---|---|---|---|---|---|---|---|---|---|---|---|---|---|---|
| Dewey Decimal Classification | NES_823_000000000000000 | Fiction | Good Samaritan School Library | Good Samaritan School Library | 10/31/2022 | 6 | NES823 | NES17366 | 09/04/2024 | 08/29/2024 | 10/31/2022 | BOOK |